00468 2200169 4500001002100000008004100021035002000062245008600082100002300168250000600191260004200197300001100239084001400250082000800264650001400272990001200286INLIS000000000000592 ind  a0010-0424000568 aTes Observasi Astronomi; Persiapan Menghadapi Olimpiade SainscProf. Dr. Suhardja aProf. Dr. Suhardja a1 aJakarta :bBina Prestasi Insanic2015 a75 hlm a520 SUH t a520 aNon Fiksi a0722394